Obchodní smlouvy při vývozu. Možnosti a slabiny

Niektoré nedostatky v platobných, zaisťovacích, záručných a dodacích podmienkach pri vývoze a dovoze v ČR. Chyby, ktorých sa dopúšťajú vývozcovia. Právna forma odberateľov. Vecná a právna stránka zmluvy. Písomná forma. Predmet zmluvy. Cena. Ponuky a tendry. Mena. Dodacie podmienky. Úhrada za tovar....

Full description

Saved in:
Bibliographic Details
Main Author: Kalvoda, Jan
Format: Book Chapter
Language:Czech
Subjects:
Tags: Add Tag
No Tags, Be the first to tag this record!

MARC

LEADER 00000naa a2200000 4500
001 r021918
005 20230908093108.8
041 0 |a cze 
044 |a CZ 
245 1 0 |a Obchodní smlouvy při vývozu. Možnosti a slabiny  |c Jan Kalvoda 
520 |a Niektoré nedostatky v platobných, zaisťovacích, záručných a dodacích podmienkach pri vývoze a dovoze v ČR. Chyby, ktorých sa dopúšťajú vývozcovia. Právna forma odberateľov. Vecná a právna stránka zmluvy. Písomná forma. Predmet zmluvy. Cena. Ponuky a tendry. Mena. Dodacie podmienky. Úhrada za tovar. Platobné podmienky. Nástroje platobné. Odborné poradenstvo a spolupráca. 
610 2 0 |a styk zahraničnoobchodný 
610 2 0 |a Česko 
610 2 0 |a obchod medzinárodný 
610 2 0 |a odberatelia 
610 2 0 |a informácie 
610 2 0 |a vývoz 
610 2 0 |a dovoz 
610 2 0 |a zmluvy obchodné 
610 2 0 |a podmienky dodacie 
610 2 0 |a podmienky platobné 
610 2 0 |a podmienky obchodné 
610 2 0 |a platby obchodné 
100 1 |a Kalvoda, Jan